000
00304nam a22001337a 4500
008
171101b xxu||||| |||| 00| 0 eng d
020
_a
9780130176028
041
_a
eng
080
_2
4 ED
_a
339
100
_a
59
101
_a
TRE
245
_a
FUTURES AND OPTIONS MARKETS
_c
HULL.J.C
942
_2
udc
_c
BK
999
_c
37023
_d
37023